Đi qua gạc ma đến đảo sinh tồn : Tập truyện và ký
Gespeichert in:
| 1. Verfasser: | |
|---|---|
| Format: | Buch |
| Sprache: | Undetermined |
| Veröffentlicht: |
Thanh niên
Hà Nội
2014
|
| Schlagworte: | |
| Tags: |
Tag hinzufügen
Keine Tags, Fügen Sie den ersten Tag hinzu!
|
| Thư viện lưu trữ: | Trung tâm Học liệu Trường Đại học Cần Thơ |
|---|
| LEADER | 00608nam a2200205Ia 4500 | ||
|---|---|---|---|
| 001 | CTU_202244 | ||
| 008 | 210402s9999 xx 000 0 und d | ||
| 020 | |c 54000 | ||
| 082 | |a 895.9223 | ||
| 082 | |b N104 | ||
| 100 | |a Lê, Hoài Nam | ||
| 245 | 0 | |a Đi qua gạc ma đến đảo sinh tồn : | |
| 245 | 0 | |b Tập truyện và ký | |
| 245 | 0 | |c Lê Hoài Nam | |
| 260 | |a Thanh niên | ||
| 260 | |b Hà Nội | ||
| 260 | |c 2014 | ||
| 650 | |a Short stories, vietnamese,Truyện ngắn, Việt Nam | ||
| 904 | |i Tuyến | ||
| 980 | |a Trung tâm Học liệu Trường Đại học Cần Thơ | ||